书目信息 |
| 题名: |
档案数字化
|
|
| 作者: | 黄丽华 著 | |
| 分册: | ||
| 出版信息: | 北京 中国文史出版社 2018 |
|
| 页数: | 160页 | |
| 开本: | 24cm | |
| 丛书名: | ||
| 单 册: | ||
| 中图分类: | G270.7 , G270 | |
| 科图分类: | ||
| 主题词: | 数字技术--shu zi ji shu--应用--档案工作--风险管理--研究 | |
| 电子资源: | ||
| ISBN: | 978-7-5034-9287-7 | |
| 000 | 00979nam0 2200253 450 | |
| 001 | 012001002995 | |
| 005 | 20131101101726.0 | |
| 010 | @a978-7-5034-9287-7@dCNY28.00 | |
| 099 | @aCAL 012018080653 | |
| 100 | @a20180628d2018 em y0chiy50 ea | |
| 101 | 0 | @achi |
| 102 | @aCN@b110000 | |
| 105 | @aak z 000yy | |
| 106 | @ar | |
| 200 | 1 | @a档案数字化@Adang an shu zi hua@e风险与管理@f黄丽华等著 |
| 210 | @a北京@c中国文史出版社@d2018 | |
| 215 | @a160页@c图@d24cm | |
| 330 | @a本书阐述了档案数字化全过程安全风险管理控制体系框架, 从档案实体、档案信息、档案数字化加工环境、保障机制等全面分析了各类安全风险并提出相应的管控对策, 构建了档案数字化多维度安全管理模型。旨在提高各级档案部门档案数字化安全风险防范意识, 从而高效地、安全地推进档案数字化进程。 | |
| 606 | 0 | @a数字技术@Ashu zi ji shu@x应用@x档案工作@x风险管理@x研究 |
| 690 | @aG270.7@v5 | |
| 690 | @aG270@v5 | |
| 701 | 0 | @a黄丽华@Ahuang li hua@4著 |
| 801 | @b江苏凤凰@c20191020 | |
| 905 | @b1231549-53@dG270.7@e103@f5 | |
| 档案数字化:风险与管理/黄丽华等著.-北京:中国文史出版社,2018 |
| 160页:图;24cm |
| ISBN 978-7-5034-9287-7:CNY28.00 |
| 本书阐述了档案数字化全过程安全风险管理控制体系框架, 从档案实体、档案信息、档案数字化加工环境、保障机制等全面分析了各类安全风险并提出相应的管控对策, 构建了档案数字化多维度安全管理模型。旨在提高各级档案部门档案数字化安全风险防范意识, 从而高效地、安全地推进档案数字化进程。 |
| ● |
| 相关链接 |
|
|
|
|
正题名:档案数字化
索取号:G270.7/103
 
预约/预借
| 序号 | 登录号 | 条形码 | 馆藏地/架位号 | 状态 | 备注 |
| 1 | 1231549 | 212315494 | 第一样本阅览室/ [索取号:G270.7/103] | 在馆 | |
| 2 | 1231550 | 212315500 | 教育系资料室/ [索取号:G270.7/103] | 在馆 | |
| 3 | 1231551 | 212315519 | 教育系资料室/ [索取号:G270.7/103] | 在馆 | |
| 4 | 1231552 | 212315528 | 第四借阅区/ [索取号:G270.7/103] | 在馆 | |
| 5 | 1231553 | 212315537 | 第四借阅区/ [索取号:G270.7/103] | 在馆 |